| 000 | 00759nas a2200241 4500 | ||
|---|---|---|---|
| 001 | BR2010005150 | ||
| 003 | BR-BrBNA | ||
| 005 | 20231205114721.0 | ||
| 007 | ta | ||
| 008 | 230509b bl.|||p| |||| 00| 00por d | ||
| 040 |
_aBR-BrBNA _bpor _cBiblioteca Nacional de Agricultura |
||
| 041 | _a(Pt) | ||
| 072 | _aP10; P40 | ||
| 100 | 1 | _aJapiassú, L.B. | |
| 245 | 1 | _aConsiderações sobre o déficit hídrico na região de Varginha no agrícola 2006/2007 | |
| 650 | _aDEFICIÊNCIA HÍDRICA | ||
| 650 | _aPRECIPITAÇÃO PLUVIAL | ||
| 650 | _aCALENDÁRIO AGRÍCOLA | ||
| 650 | _aMINAS GERAIS | ||
| 773 | 0 |
_tCoffea (Brazil) _xISSN 1807-8192 _g(Jan-Apr 2008), v. 5(13) p. 40 _wBR2010005150 |
|
| 909 |
_a202311 _bLúcia _c55 _dLúcia Elande |
||
| 942 |
_2AGRIS _n0 _cANA |
||
| 999 |
_c210126 _d210126 |
||